Reinventing the fundamentals (Record no. 74455)
[ view plain ]
| 000 -LEADER | |
|---|---|
| fixed length control field | 01421cab a2200217 4500 |
| 001 - CONTROL NUMBER | |
| control field | ABS68031 |
| 008 - FIXED-LENGTH DATA ELEMENTS--GENERAL INFORMATION | |
| fixed length control field | 040713n2004 000 0 eng u |
| 035 ## - SYSTEM CONTROL NUMBER | |
| System control number | (Sirsi) u126754 |
| 100 ## - MAIN ENTRY--PERSONAL NAME | |
| Personal name | Zitron, J. |
| 245 ## - TITLE STATEMENT | |
| Title | Reinventing the fundamentals |
| 260 ## - PUBLICATION, DISTRIBUTION, ETC. | |
| Date of publication, distribution, etc. | 2004 |
| 490 ## - SERIES STATEMENT | |
| Series statement | Inside Housing |
| Volume/sequential designation | 21(23) 11 June 2004, 36-38 (3) |
| 520 ## - SUMMARY, ETC. | |
| Summary, etc. | Looks at "Towards investment partnering", a Chartered Institute of Housing-commissioned report, which examines the viability of the new investment partnering regime espoused by the Housing Corporation, when it put forward its proposals in "Reinventing investment" in Autumn 2003 to put the approved development programme on a fresh footing. Looks at the Housing Corporation's plans to change its investment relationship with associations from grant giver to procurer of affordable housing programmes and at the two-year pilot investment partnering programme with details of three of the new partnerships. Evaluates the strengths and weaknesses of the investment partnering model. Summarises the report's key recommendations, which will help to ensure that investment partnering can make a contribution towards producing high-quality, well-managed and affordable homes. |
| 590 ## - LOCAL NOTE (RLIN) | |
| Local note | ABS |
| 650 ## - SUBJECT ADDED ENTRY--TOPICAL TERM | |
| Topical term or geographic name entry element | HOUSING BILL 2003 |
| 650 ## - SUBJECT ADDED ENTRY--TOPICAL TERM | |
| Topical term or geographic name entry element | HOUSING ASSOCIATIONS |
| 650 ## - SUBJECT ADDED ENTRY--TOPICAL TERM | |
| Topical term or geographic name entry element | APPROVED DEVELOPMENT PROGRAMME |
| 650 ## - SUBJECT ADDED ENTRY--TOPICAL TERM | |
| Topical term or geographic name entry element | PARTNERING |
| 690 ## - LOCAL SUBJECT ADDED ENTRY--TOPICAL TERM (OCLC, RLIN) | |
| Topical term or geographic name as entry element | HOUSING-DEVELOPMENT |
| 942 ## - ADDED ENTRY ELEMENTS (KOHA) | |
| Suppress in OPAC | 0 |
| Withdrawn status | Lost status | Source of classification or shelving scheme | Damaged status | Not for loan | Home library | Current library | Shelving location | Date acquired | Total Checkouts | Full call number | Barcode | Date last seen | Copy number | Price effective from | Koha item type |
|---|---|---|---|---|---|---|---|---|---|---|---|---|---|---|---|
| Dewey Decimal Classification | London | London | Journal article | 13/07/2004 | ABS68031 | 126754-1001 | 06/08/2019 | 1 | 06/08/2019 | Journal article |